Amazing sharks! / (Record no. 4167)

MARC details
000 -LEADER
fixed length control field 01112cam a22003494a 4500
001 - CONTROL NUMBER
control field 4167
003 - CONTROL NUMBER IDENTIFIER
control field FISKH
005 - DATE AND TIME OF LATEST TRANSACTION
control field 20240624144709.0
008 - FIXED-LENGTH DATA ELEMENTS--GENERAL INFORMATION
fixed length control field 040923s2005 nyua j 000 0 eng
010 ## - LIBRARY OF CONGRESS CONTROL NUMBER
LC control number 2004022466
020 ## - INTERNATIONAL STANDARD BOOK NUMBER
International Standard Book Number 0060544589
020 ## - INTERNATIONAL STANDARD BOOK NUMBER
International Standard Book Number 9780439866675
020 ## - INTERNATIONAL STANDARD BOOK NUMBER
International Standard Book Number 0060544570 (lib. bdg.)
040 ## - CATALOGING SOURCE
Original cataloging agency DLC
Transcribing agency DLC
Modifying agency DLC
Language of cataloging eng
042 ## - AUTHENTICATION CODE
Authentication code pcc
050 ## - LIBRARY OF CONGRESS CALL NUMBER
Classification number QL638.T49
082 ## - DEWEY DECIMAL CLASSIFICATION NUMBER
Classification number 597.3
100 1# - MAIN ENTRY--PERSONAL NAME
Personal name Thomson, Sarah L.
245 10 - TITLE STATEMENT
Title Amazing sharks! /
Statement of responsibility, etc. written by Sarah L. Thomson ; photographs provided by the Wildlife Conservation Society.
250 ## - EDITION STATEMENT
Edition statement First Scholastic printing, October 2006
260 ## - PUBLICATION, DISTRIBUTION, ETC.
Place of publication, distribution, etc. New York :
Name of publisher, distributor, etc. Scholastic,
Date of publication, distribution, etc. 2005.
300 ## - PHYSICAL DESCRIPTION
Extent 32 pages :
Other physical details color illustrations ;
Dimensions 23 cm
440 #3 - SERIES STATEMENT/ADDED ENTRY--TITLE
Title An I can read book
505 ## - FORMATTED CONTENTS NOTE
Formatted contents note N<br/>
520 ## - SUMMARY, ETC.
Summary, etc. Text and photographs describe sharks--their different types, behavior, and threats to their survival.
521 8# - TARGET AUDIENCE NOTE
Target audience note 570<br/>
Source Lexile <br/>
521 8# - TARGET AUDIENCE NOTE
Target audience note N<br/>
Source Raz-Plus<br/>
650 #0 - SUBJECT ADDED ENTRY--TOPICAL TERM
Topical term or geographic name entry element Sharks
Form subdivision Juvenile literature.
906 ## - LOCAL DATA ELEMENT F, LDF (RLIN)
a 7
b cbc
c orignew
d 1
e ecip
f 20
g y-gencatlg
942 ## - ADDED ENTRY ELEMENTS (KOHA)
Source of classification or shelving scheme Dewey Decimal Classification
Koha item type Books
Suppress in OPAC No
Holdings
Withdrawn status Lost status Source of classification or shelving scheme Damaged status Not for loan Collection Home library Current library Shelving location Date acquired Total Checkouts Full call number Barcode Date last seen Copy number Price effective from Koha item type
    Dewey Decimal Classification     Non-Fiction Footprints International School Library Network Toul Kork Campus Footprints International School Library Network Toul Kork Campus TK Primary Library Room(4th Floor), Bookcase 3&4, Shelves 17-32, Yellow Books 06/24/2024   THO 597.3 QL638.T49 FISTK01129 06/24/2024 1 06/24/2024 Books
    Dewey Decimal Classification     Non-Fiction Footprints International School Library Network Toul Kork Campus Footprints International School Library Network Toul Kork Campus TK Primary Library Room(4th Floor), Bookcase 3&4, Shelves 17-32, Yellow Books 04/21/2025   THO 597.3 QL638.T49 FISBK02684 04/21/2025 2 04/21/2025 Books